Statistics for Luton Town Current Squad

Click here to take the quiz!

General Stats

  • This quiz has been taken 630 times
    (213 since last reset)
  • The average score is 14 of 35

Answer Stats

#Player% Correct
6Ross Barkley
86%
9Carlton Morris
80%
11Elijah Adebayo
77%
24Thomas Kaminski
77%
14Tahith Chong
63%
4Tom Lockyer
63%
45Alfie Doughty
59%
ManagerRob Edwards
57%
30Andros Townsend
55%
23Tim Krul
54%
15Teden Mengi
53%
12Issa Kaboré
51%
28Alberet Sambi Lokonga
50%
7Chiedozie Ogbene
50%
2Gabe Osho
49%
17Pelly Ruddock Mpanzu
46%
29Amari’i Bell
44%
18Jordan Clark
39%
10Cauley Woodrow
36%
19Jacob Brown
35%
13Marvelous Nakamba
35%
8Luke Berry
34%
16Reece Burke
32%
26Ryan Giles
31%
5Mads Andersen
28%
1James Shea
23%
3Dan Potts
22%
27Daiki Hashioka
20%
38Joe Johnson
16%
22Allan Campbell
10%
25Joe Taylor
10%
21John McAtee
7%
40Aidan Francis-Clarke
5%
39Elliot Thorpe
5%
20Louie Watson
5%

Score Distribution

Percentile by Number Answered

Percent of People with Each Score

Your Score History

You have not taken this quiz since the last reset